| 000 | 00619nam a2200241 a 4500 | ||
|---|---|---|---|
| 001 | nice12345678 | ||
| 003 | IN_TiNIC | ||
| 005 | 20260116014549.0 | ||
| 008 | 050524s2002 lona grp 000 0 eng | ||
| 020 |
_a0190420 _c750 |
||
| 082 | 0 | 0 |
_a720.954025 _bKOC |
| 100 | _aKoch, Ebba | ||
| 245 | _aMughal Architecture | ||
| 260 |
_aLondan _bOxford University Press _c2002 |
||
| 300 | _a160p | ||
| 500 | _aincludes index and biblioraphy | ||
| 505 | 2 | _aGlossary, Selected Bibliography, Index | |
| 650 | _aArchitecture-Mughal | ||
| 700 | 1 | _aKoch, Ebba | |
| 902 | _bSRS | ||
| 942 | _cBK | ||
| 999 |
_c15992 _d15992 |
||